000 00495nam a2200157Ia 4500
008 210716s2001 xx 000 0 und d
020 _a0072396709
041 _aeng
082 _a658.4 COHA
100 _aCohen, Allan R;Fink, Stephen L.
245 _aEffective behavior in organizations: cases, concepts and student experiences.
_bCases, concepts and student experiences.
250 _a7
260 _aNew Delhi
_bMcGraw Hill
_c2001
300 _axvi,632
650 _aOrganisational Behavior
999 _c203009
_d203009